Economic growth and macroeconomic dynamics : recent developments in economic theory (Record no. 156222)

MARC details
000 -LEADER
fixed length control field 00795nam a2200229Ia 4500
008 - FIXED-LENGTH DATA ELEMENTS--GENERAL INFORMATION
fixed length control field 191130s2004##################000#0#eng##
020 ## - INTERNATIONAL STANDARD BOOK NUMBER
ISBN 9780521835619
082 ## - DEWEY DECIMAL CLASSIFICATION NUMBER
Classification number 338.922 DOW
245 ## - TITLE STATEMENT
Title Economic growth and macroeconomic dynamics : recent developments in economic theory
Statement of responsibility, etc edited by Steve Dowrick, Rohan Pitchford, Stephen J. Turnovsky
260 ## - PUBLICATION, DISTRIBUTION, ETC. (IMPRINT)
Place of publication Cambridge
Name of publisher Cambridge University Press
Year of publication 2004
300 ## - PHYSICAL DESCRIPTION
Number of Pages xv, 183 p. : ill. ; 24 cm
500 ## - GENERAL NOTE
General note Includes bibliographical references and index
650 ## - SUBJECT ADDED ENTRY--TOPICAL TERM
Topical Term Economic development
Topical Term Economics
Topical Term Macroeconomics
Topical Term Statics and dynamics (Social sciences)
700 ## - ADDED ENTRY--PERSONAL NAME
Personal name Dowrick, Steve
991 ## -
-- 228508
Holdings
Withdrawn status Lost status Damaged status Not for loan Home library Current library Shelving location Date acquired Full call number Accession Number Price effective from Koha item type
        Anna Centenary Library Anna Centenary Library 4TH FLOOR, A WING 12.10.2020 338.922 DOW 97320 12.10.2020 English Books

Find us on the map